Obálka Náhled e-knihy:
Epub
Pro půjčování e-knih musíte být přihlášeni.
Jak si půjčit online?

Broučci /

Největší bestseller české dětské literatury. Příběh o životě jedné rodiny, která není tak úplně obyčejná - je to totiž rodina svatojánských broučků...

Uloženo v:
Hlavní autor: Karafiát, Jan (Autor)
Médium: E-kniha
Jazyk:Czech
Vydáno: Praha : Artis, 2021
Tagy:
Žádné tagy
LEADER 01054nam a22002297i 4500
001 311415
007 ta
008 260601s2021 xr ||||| |||| 00| 0 cze d
020 |a 9990003355447 
044 |a xr 
100 1 |a  Karafiát, Jan  |4 aut 
245 1 0 |a Broučci /  |c  Karafiát, Jan 
264 1 |a Praha :  |b Artis,  |c 2021 
300 |a 1 online zdroj (56 stran) 
336 |a text  |b txt  |2 rdacontent 
337 |a bez média  |b n  |2 rdamedia 
338 |a online zdroj  |b cr  |2 rdacarrier 
520 2 |a Největší bestseller české dětské literatury. Příběh o životě jedné rodiny, která není tak úplně obyčejná - je to totiž rodina svatojánských broučků... 
910 |a RBIT002 
998 |d 335544  |a https://core.palmknihy.cz/api/books/335544/cover?qziln1  |b https://core.palmknihy.cz/api/books/335544/cover/400?qziln1  |c https://core.palmknihy.cz/api/books/335544/cover/50?qziln1  |e 2099-12-01  |g 56  |i 9990003355447  |j https://core.palmknihy.cz/api/books/335544/preview.epub  |l   |q 49  |r 1  |s https://www.palmknihy.cz/kniha/335544  |t ebook  |y 2021  |z 1 
999 |d 311413